Chargement en cours...

Impact of Buddhism on socio-religious life of the Asian people: with special reference to Sri Lanka, China and Tibet (from 1st century BCE to 8th century CE)

Détails bibliographiques
Auteur principal: Bhupender Heera; Author
Format: Printed Book
Publié: New Delhi, Decent Books 2007
Sujets:
LEADER 008450000a22002170004500
020 |a 978-81-86921-43-2 
082 |a 294.309 5 P7;1 
100 |a Bhupender Heera; Author 
245 |a Impact of Buddhism on socio-religious life of the Asian people: with special reference to Sri Lanka, China and Tibet (from 1st century BCE to 8th century CE) 
250
260 |a New Delhi, Decent Books  |e 2007 
260 |c 2007 
460 |a xviii, 269p 
465 |a Rs.550.00 
500 |a Bhupender Heera 
500 |a Includes bibliographical references and index 
650 |a Asia-Civilization-Buddhist influences 
650 |a Buddhism-Asia-History 
942 |c BK 
999 |c 44521  |d 44521 
952 |0 0  |1 0  |4 0  |6 294_309000000000000_5_P71  |7 0  |8 ENG  |9 45209  |a MGUL  |b MGUL  |d 2013-07-16  |e Rs.550.00  |l 5  |m 2  |o 294.309 5 P7;1  |p 42773  |r 2019-02-19  |s 2019-01-28  |w 2013-07-16  |y BK